| 000 | 00525nam a2200121Ia 4500 | ||
|---|---|---|---|
| 008 | 220615s9999||||xx |||||||||||||| ||und|| | ||
| 100 | _aWilliam Layton (Ed.) | ||
| 245 | 0 | _aTurbulence: Numerical Analysis, Modelling and Simulation | |
| 546 | _aEnglish[eng] | ||
| 650 | _asimulation of turbulent flows||large eddy simulation||turbulent boundary layers||computational fluid dynamics||turbulent combustion||numerical analysis||complex turbulence||turbulence | ||
| 856 | _uhttp://www.mdpi.com/books/pdfview/book/606 | ||
| 942 | _cEB | ||
| 999 |
_c13107 _d13107 |
||